| 000 | 00562nam a2200169 i 4500 | ||
|---|---|---|---|
| 001 | 163957 | ||
| 003 | ES-MaACL | ||
| 005 | 20230906212839.0 | ||
| 008 | 940301s1884 sp |||| | spa d | ||
| 040 |
_aAS _bspa |
||
| 100 | 1 |
_aRos de Olano, Antonio. _999585 |
|
| 245 | 1 | 0 |
_aEpisodios militares / _cpor Antonio Ros de Olano. |
| 250 | _a2ยช ed. | ||
| 260 |
_aMadrid : _b[s.n.], _c1884 ( _fImprenta de Miguel Ginesta) |
||
| 300 |
_aXXII, 258 p. ; _c19 cm. |
||
| 852 |
_aES-MaACL _jT-931-F-2 _z-- Enc hol. conservando la cub. original _z-- Enc. en un vol. facticio |
||
| 999 |
_c163957 _d163957 |
||